One you cannot have/ (Record no. 54791)

000 -LEADER
fixed length control field 00381nam a22001577a 4500
020 ## - INTERNATIONAL STANDARD BOOK NUMBER
ISBN 9789383260683
082 ## - DEWEY DECIMAL CLASSIFICATION NUMBER
Classification number 823
Item number PRE/O
100 ## - MAIN ENTRY--AUTHOR NAME
Personal name Preeti Shenoy
245 ## - TITLE STATEMENT
Title One you cannot have/
Statement of responsibility, etc by Preeti Shenoy
260 ## - PUBLICATION, DISTRIBUTION, ETC. (IMPRINT)
Place of publication Chennai:
Name of publisher Westland Limited,
Year of publication 2013.
300 ## - PHYSICAL DESCRIPTION
Number of Pages 270p.
650 ## - SUBJECT ADDED ENTRY--TOPICAL TERM
Topical Term Novel English
650 ## - SUBJECT ADDED ENTRY--TOPICAL TERM
Topical Term Literature English
650 ## - SUBJECT ADDED ENTRY--TOPICAL TERM
Topical Term Literature
942 ## - ADDED ENTRY ELEMENTS (KOHA)
Koha item type Book
Holdings
Withdrawn status Lost status Damaged status Not for loan Permanent Location Current Location Shelving location Date acquired Cost, normal purchase price Full call number Accession Number Price effective from Koha item type
        Sree Sankaracharya University of Sanskrit Sree Sankaracharya University of Sanskrit Stacks 24.07.2015 200.00 823 PRE/O 077607 24.07.2015 Book